000 00517nam a2200217Ia 4500
003 OSt
005 20220924142957.0
006 a|||||r|||| 00| 0
007 ta
008 220923b |||||||| |||| 00| 0 mni d
024 _a304222
037 _cTextual
040 _aARTS
_cARTS
_bmni
041 _2mni
_amni
082 _aO446114,3x, L0
245 0 _aKantpa wari macha
260 _c1970
650 _aMANIPURI LITERATURE
942 _hO446114,3x, L0
_cTEXL
_2CC
999 _c452744
_d452744